Zamyslenie nad novým zákonom o cenách

Nadobudnutie účinnosti nového zákona č.18/199 Z.z. o cenách. Základný právny rámec v oblasti cien. Komentár k šiestim častiam zákona o cenách. Priblíženie vecnej štruktúry zákona a poukázanie na niektoré vecné ustanovenia.

Uložené v:
Podrobná bibliografia
Hlavný autor: Oláh, Michal
Médium: Kapitola
Jazyk:Slovak
Predmet:
Tagy: Pridať tag
Žiadne tagy, Buďte prvý, kto otaguje tento záznam!

MARC

LEADER 00000naa a2200000 4500
001 r020796
005 20230919112358.5
041 0 |a slo 
044 |a SK 
245 1 0 |a Zamyslenie nad novým zákonom o cenách  |c Michal Oláh 
520 |a Nadobudnutie účinnosti nového zákona č.18/199 Z.z. o cenách. Základný právny rámec v oblasti cien. Komentár k šiestim častiam zákona o cenách. Priblíženie vecnej štruktúry zákona a poukázanie na niektoré vecné ustanovenia. 
610 2 0 |a ceny 
610 2 0 |a zákony 
610 2 0 |a Slovensko 
610 2 0 |a 1996 
610 2 0 |a legislatíva 
610 2 0 |a politika cenová 
100 1 |a Oláh, Michal